| 000 | 00414nam a2200169Ia 4500 | ||
|---|---|---|---|
| 008 | 230711s9999||||xx |||||||||||||| ||und|| | ||
| 020 | _a978-81-317-5452-8 | ||
| 041 | _aENG | ||
| 082 |
_a658 _bGU-F |
||
| 100 | _aGupta,Ambrish | ||
| 245 | 0 | _aFinancial accounting for management | |
| 250 | _a9th Ed. | ||
| 260 |
_c2012 _aNew Delhi _bPearson |
||
| 300 | _a964 | ||
| 650 | _aUNIVESITY BUSNIESS SCHOOL | ||
| 942 | _cBK | ||
| 999 |
_c5594 _d5594 |
||